000 00308nam a22001457a 4500
008 221114b ||||| |||| 00| 0 eng d
020 _a0716721414
041 _aeng
080 _a521
082 _a521 MOO
100 _a19.1
101 _aAST
245 _aSHAPING THE EARTH
_cMOORES E
942 _2udc
_cBK
999 _c58884
_d58884